000 00734nam a2200217Ia 4500
999 _c3840
_d3840
020 _a0-8058-3923-2
082 _a659.2 GLO;
245 0 _aGlobal public relations handbook: theory, research and practice
260 _aNew Jersey
_bLawrence Erlbaum Associates Publishers
_c2003
300 _axxxvi, 564p.
440 _aLEA's Communication Series
504 _aincludes index
650 _aCommunication, Intercultural
650 _aIntercultural communications - Handbooks, manuals etc.
650 _aPublic relations - Cross-cultural studies - handbooks, manuals etc.
650 _aCross-cultural communication
700 _aBryant, Jennings
700 _aSriramesh, Krishnamurthy
700 _aVercic, Dejan
942 _cBK